000 00614nam a2200205 a 4500
001 45371
003 BD-RjUL
005 20211209054013.0
008 160725b cau |||| ||| 001 0 eng d
035 _a(BD-RjUL)45489
040 _aBD-RjUL
_beng
_cBD-RjUL
041 _aeng
082 _223
_a421.52
_bCRS 1969
100 1 0 _aCraven, Paul Richard
_9138919
245 1 0 _aSight and sound :
_ba handbook of spelling /
_cPaul Richard Craven
260 _aCalifornia :
_bDickenson Publishing Company,
_c1967 [ third printig 1969]
300 _ax, 117 p. ;
_c23 cm.
650 _aWriting System
_9138920
942 _2ddc
_cBK
999 _c45371
_d45371